000 00510nam a2200193 a 4500
001 1768117515777
003 YourLibrary
005 20260112125814.0
008 260111s1998##################000#0#eng##
020 _a9780073031828
082 0 4 _a302.23
_bHAN
100 1 _aHanson, Jarice,
_eauthor.
245 1 0 _aSources :
260 _bNotable Selections in Mass Med,
_c1998.
300 _a408 pages
650 0 _aLanguage Arts & Disciplines.
942 _cENGLISH
040 _aYourLibrary
_beng
_cYourLibrary
999 _c608271
_d608271